Jugend - Bildung - Bibliotheken Modelle der Finanzierung und Projektförderung

Bibliographic Details
Main Author: Ahlfänger, Franziska, 1982- (Author)
Format: Book
Language:German
PhysicalDescription:175 s. schem. 21 cm
Published: Berlin Simon Verlag für Bibliothekswiessen 2009
ISBN:9783940862112
Subjects:

MARC

LEADER 00000nam a2200000 a 4500
001 vtls009948696
003 SK-MaSNL
005 20260301130811.0
008 240318s2009 gw a f 000 0 ger
020 |a 9783940862112  |q (brož.) 
040 |a SNK  |b slo  |c SNK  |e AACR2 
041 0 |a ger 
044 |a gw  |c DE 
072 7 |a 027  |x Univerzálne knižnice. Verejné knižnice  |2 konspekt 
080 |a 027.4/.5  |2 2001 
080 |a 027.625  |2 2001 
080 |a 025.11  |2 2001 
080 |a 374.32  |2 2001 
080 |a 338.246.027  |2 2001 
080 |a 364-646.3  |2 2001 
080 |a 005.591  |2 2001 
080 |a (430)  |2 2001 
080 |a (048.8)  |2 2001 
100 1 |a Ahlfänger, Franziska,  |d 1982-  |4 aut  |9 479125 
245 1 0 |a Jugend - Bildung - Bibliotheken  |b Modelle der Finanzierung und Projektförderung  |c Franziska Ahlfänger 
260 |a Berlin  |b Simon Verlag für Bibliothekswiessen  |c 2009 
300 |a 175 s.  |b schem.  |c 21 cm 
650 0 7 |a verejné knižnice  |2 SNKPH  |9 28929 
650 0 7 |a knižnice pre deti  |2 SNKPH  |9 117402 
650 0 7 |a financovanie knižníc  |2 SNKPH  |9 93149 
650 0 7 |a práca s mládežou  |2 SNKPH  |9 15157 
650 0 7 |a sponzorstvo  |2 SNKPH  |9 2904 
650 0 7 |a programy a projekty  |2 SNKPH  |9 82765 
650 0 7 |a Public libraries  |2 SNKPHeng  |9 266245 
650 0 7 |a Children's libraries  |2 SNKPHeng  |9 317919 
650 0 7 |a Finance  |2 SNKPHeng  |9 265496 
650 0 7 |a Management  |2 SNKPHeng  |9 265406 
650 0 7 |a Work with youth  |2 SNKPHeng  |9 275710 
650 0 7 |a Sponsorship  |2 SNKPHeng  |9 333772 
650 0 7 |a Programs and projects  |2 SNKPHeng  |9 274896 
651 7 |a Nemecko  |2 SNKPH  |9 21020 
651 7 |a Germany  |2 SNKPHeng  |9 268047 
655 7 |a štúdie  |2 SNKPH  |9 57033 
655 7 |a Studies  |2 SNKPHeng  |9 265573 
919 |a 978-3-940862-11-2 
999 |c 745900  |d 747830 
952 |t snkAHL 027  |a SNKUST  |b SNKUST  |y PREZ  |7 0  |p 17A0631021  |o snkIC 138084  |i snk2009/16203  |8 1  |0 0  |1 0  |4 0  |d 2009-09-09  |l 0  |r 2025-05-28 00:00:00  |w 2026-02-23